[Event "ICS rated blitz match"]
[Site "204.178.125.65"]
[Date "2000.05.09"]
[Round "?"]
[White "Baxpace"]
[Black "Hossa"]
[Result "1-0"]
[WhiteElo "2716"]
[BlackElo "2452"]
[PlyCount "107"]
[EventDate "2000.??.??"]

1. e4 c6 2. d4 Na6 3. Nf3 Nc7 4. c4 d5 5. exd5 cxd5 6. Nc3 dxc4 7. Bxc4 Nf6 8.
Qa4+ Bd7 9. Qb3 e6 10. Qxb7 Bd6 11. Ne5 O-O 12. O-O a6 13. Qf3 Rb8 14. h3 Qc8
15. Bb3 Nb5 16. Nxd7 Qxd7 17. Be3 Qc7 18. Rac1 Nxc3 19. Rxc3 Qd8 20. Rfc1 Nd5
21. Bxd5 exd5 22. b3 Ba3 23. R1c2 Bb4 24. Rc7 Bd6 25. R7c6 Ra8 26. Kh1 Bb4 27.
Rc7 Bd6 28. Rb7 Bb8 29. Rc6 a5 30. Rb5 a4 31. b4 Qe7 32. Qxd5 Ra7 33. Qc5 Qd7
34. a3 Re8 35. Kg1 Qd8 36. Qc4 Rd7 37. d5 Ba7 38. Bxa7 Rxa7 39. Rbc5 Rae7 40.
Qf4 Re1+ 41. Kh2 Qa8 42. d6 Rd1 43. Qg4 Rde1 44. d7 Qb8+ 45. f4 Rd8 46. Rc8 f5
47. Rxb8 fxg4 48. Rxd8+ Kf7 49. Rf8+ Ke6 50. d8=Q g3+ 51. Kxg3 Re3+ 52. Kf2
Re2+ 53. Kxe2 g5 54. Rc6# 1-0

[Event "ICS rated standard match"]
[Site "204.178.125.65"]
[Date "2000.05.09"]
[Round "?"]
[White "Baxpace"]
[Black "Hossa"]
[Result "1-0"]
[WhiteElo "2036"]
[BlackElo "2336"]
[PlyCount "137"]
[EventDate "2000.??.??"]

1. e4 c6 2. d4 Na6 3. Nf3 d6 4. Nc3 Nc7 5. Bd3 Nf6 6. O-O Bg4 7. h3 Bxf3 8.
Qxf3 g6 9. e5 dxe5 10. dxe5 Nd7 11. Re1 Bg7 12. Bf4 e6 13. Rad1 O-O 14. Qe3 Nd5
15. Nxd5 exd5 16. e6 fxe6 17. Qxe6+ Rf7 18. b4 Bc3 19. Bd2 Bxd2 20. Rxd2 Qf8
21. c3 a5 22. b5 Nf6 23. Rde2 Rc8 24. c4 a4 25. h4 a3 26. cxd5 cxd5 27. Qe5 Nh5
28. g3 Rd8 29. Qd4 Ng7 30. Re5 Rfd7 31. Bc2 Qf7 32. Bb3 Nf5 33. Qc5 Rd6 34.
Qxa3 Nd4 35. Bd1 Re6 36. Qc5 Rxe5 37. Rxe5 Ne6 38. Qb6 Re8 39. Bb3 Nc7 40.
Rxe8+ Nxe8 41. Qd4 Nf6 42. g4 Kf8 43. g5 Nh5 44. Bxd5 Qf5 45. b6 Nf4 46. Qc5+
Ke8 47. Bc6+ Kf7 48. Qxf5+ gxf5 49. Bxb7 Ke7 50. a4 Ne2+ 51. Kg2 Nf4+ 52. Kh2
Ng6 53. a5 Ne5 54. Bc8 Ng4+ 55. Kg2 Kd8 56. Be6 Ne5 57. a6 f4 58. a7 Ke7 59.
Bf5 f3+ 60. Kg3 Nc6 61. a8=Q Kd6 62. Qf8+ Kd5 63. Be4+ Kxe4 64. Qxf3+ Ke5 65.
Qxc6 Kd4 66. b7 h5 67. b8=Q Kd3 68. Qb1+ Kd4 69. Qbe4# 1-0

[Event "ICS rated blitz match"]
[Site "204.178.125.65"]
[Date "2000.05.09"]
[Round "?"]
[White "Hossa"]
[Black "QueenMaxima"]
[Result "1-0"]
[WhiteElo "2446"]
[BlackElo "2451"]
[PlyCount "137"]
[EventDate "2000.??.??"]

1. e4 c5 2. Nf3 d6 3. d4 cxd4 4. Nxd4 Nf6 5. Nc3 Nc6 6. Be3 e6 7. Bb5 Bd7 8.
Ba4 Be7 9. Ndb5 Qa5 10. O-O O-O 11. Nxd6 Qb4 12. Ndb5 Rad8 13. a3 Qa5 14. b4
Qa6 15. f3 e5 16. Nc7 Qc4 17. N3d5 Nxd5 18. Nxd5 Bd6 19. Bb3 Qa6 20. c4 b5 21.
a4 bxc4 22. b5 Qb7 23. bxc6 Qxb3 24. cxd7 Rxd7 25. Qc1 Rfd8 26. Rf2 Rc8 27. g3
Rb7 28. Rd2 Bf8 29. a5 a6 30. Rc2 Rc6 31. Qd1 Rb5 32. Bb6 Kh8 33. Kh1 Bd6 34.
Qe2 Bb8 35. Ne7 Re6 36. Rxc4 h5 37. Rc8+ Kh7 38. Nd5 Bd6 39. Nc3 Qb2 40. Qd1
Rb4 41. Nd5 Rb5 42. Rcc1 Qb3 43. Rc2 Rg6 44. Qe2 Re6 45. Kg1 Rh6 46. Rc8 Bb4
47. Rd8 Rd6 48. Rxd6 Bxd6 49. f4 exf4 50. Qxh5+ Kg8 51. Rc1 Bf8 52. gxf4 Qa4
53. Qf3 Rb2 54. Qg3 Kh8 55. Qh4+ Kg8 56. Ne7+ Bxe7 57. Rc8+ Bf8 58. Rxf8+ Kxf8
59. Qd8+ Qe8 60. Bc5+ Kg8 61. Qxe8+ Kh7 62. Qxf7 Rb1+ 63. Kg2 Rb2+ 64. Kh3 Rb1
65. Bd4 Rg1 66. Bxg1 Kh6 67. Bd4 g6 68. Qf8+ Kh5 69. Qh8# 1-0

[Event "ICS rated blitz match"]
[Site "204.178.125.65"]
[Date "2000.05.09"]
[Round "?"]
[White "Hossa"]
[Black "avishai"]
[Result "1-0"]
[WhiteElo "2462"]
[BlackElo "2012"]
[PlyCount "39"]
[EventDate "2000.??.??"]

1. e4 e5 2. Nf3 Nc6 3. Nc3 Nf6 4. Nxe5 Nxe5 5. d4 Ng6 6. e5 Ng8 7. Bc4 N8e7 8.
Qf3 d5 9. exd6 Qxd6 10. Bxf7+ Kd8 11. Bg5 Be6 12. Qxb7 Rc8 13. Ne4 Qb6 14. Qxb6
cxb6 15. Bxe6 Rxc2 16. Kd1 Rc6 17. d5 Rc4 18. Nd6 Rd4+ 19. Kc2 Kc7 20. Nb5+ 1-0

[Event "ICS rated blitz match"]
[Site "204.178.125.65"]
[Date "2000.05.09"]
[Round "?"]
[White "sanchess64"]
[Black "Hossa"]
[Result "0-1"]
[WhiteElo "1968"]
[BlackElo "2464"]
[PlyCount "96"]
[EventDate "2000.??.??"]

1. e4 e5 2. Nf3 Nc6 3. Bc4 Nf6 4. d3 Be7 5. O-O O-O 6. c3 d6 7. h3 Be6 8. Nbd2
Qd7 9. Re1 Na5 10. Bxe6 fxe6 11. Nf1 Nc6 12. Ng3 Bd8 13. d4 exd4 14. cxd4 a5
15. Be3 a4 16. Rc1 a3 17. b3 Qf7 18. e5 Nd5 19. Qd2 dxe5 20. Nxe5 Nxe5 21. dxe5
Be7 22. Rc4 b5 23. Re4 c5 24. Rf1 Rad8 25. Qc1 Nxe3 26. Qxe3 Rd5 27. Rg4 g6 28.
Nh5 Qf5 29. Nf6+ Bxf6 30. exf6 Qxf6 31. Re4 Re8 32. Re1 Qf7 33. Rf4 Qd7 34. Re4
Rd4 35. Re5 c4 36. bxc4 bxc4 37. Qxa3 Rf4 38. Qe3 Ref8 39. f3 Qa4 40. Rxe6 Qxa2
41. Re7 R4f6 42. Qe5 Qd2 43. Re2 Qd6 44. Kh2 Qxe5+ 45. R2xe5 R6f7 46. Rxf7 Rxf7
47. Rc5 Rf4 48. Rc7 Rd4 0-1

[Event "ICS rated standard match"]
[Site "204.178.125.65"]
[Date "2000.05.09"]
[Round "?"]
[White "Hossa"]
[Black "Satan"]
[Result "1/2-1/2"]
[WhiteElo "2332"]
[BlackElo "2025"]
[PlyCount "53"]
[EventDate "2000.??.??"]

1. e4 c5 2. Nf3 d6 3. d4 cxd4 4. Nxd4 Nf6 5. Nc3 a6 6. Bg5 e6 7. f4 Qb6 8. Qd2
Qxb2 9. Rb1 Qa3 10. f5 Nc6 11. fxe6 fxe6 12. Nxc6 bxc6 13. e5 dxe5 14. Bxf6
gxf6 15. Ne4 Qxa2 16. Rd1 Be7 17. Be2 O-O 18. O-O f5 19. Qh6 Qxc2 20. Rd3 Qxe2
21. Rg3+ Kf7 22. Rxf5+ exf5 23. Rg7+ Ke8 24. Qxc6+ Kd8 25. Qb6+ Ke8 26. Qc6+
Kd8 27. Qb6+ 1/2-1/2

[Event "ICS rated blitz match"]
[Site "204.178.125.65"]
[Date "2000.05.09"]
[Round "?"]
[White "PowerMan"]
[Black "Hossa"]
[Result "0-1"]
[WhiteElo "2106"]
[BlackElo "2481"]
[PlyCount "66"]
[EventDate "2000.??.??"]

1. g3 d5 2. Nf3 Nf6 3. Bg2 Nc6 4. d4 Bf5 5. O-O e6 6. c4 dxc4 7. Qa4 Nd7 8.
Qxc4 Nb6 9. Qb3 Be7 10. Nc3 O-O 11. e4 Bg4 12. d5 Bxf3 13. Bxf3 exd5 14. exd5
Nd4 15. Qd1 Nxf3+ 16. Qxf3 Bb4 17. Rd1 Re8 18. Bf4 Qd7 19. Rd2 Bxc3 20. bxc3
Nc4 21. Rd4 b5 22. a4 a6 23. axb5 axb5 24. Rxa8 Rxa8 25. Kg2 Ra1 26. Qe4 h6 27.
h4 h5 28. Be5 f5 29. Qf4 c5 30. Rd3 Qe8 31. Bd6 Qe1 32. Kf3 Qh1+ 33. Ke2 Re1#
0-1

[Event "ICS rated blitz match"]
[Site "204.178.125.65"]
[Date "2000.05.09"]
[Round "?"]
[White "Hossa"]
[Black "matmaster"]
[Result "1-0"]
[WhiteElo "2484"]
[BlackElo "1968"]
[PlyCount "45"]
[EventDate "2000.??.??"]

1. e4 c5 2. Nf3 d6 3. d4 cxd4 4. Nxd4 Nf6 5. Nc3 a6 6. Bg5 e6 7. f4 Qb6 8. Qd2
Qxb2 9. Rb1 Qa3 10. f5 Nc6 11. fxe6 fxe6 12. Nxc6 bxc6 13. e5 dxe5 14. Bxf6
gxf6 15. Ne4 Qxa2 16. Rd1 Be7 17. Be2 O-O 18. O-O Ra7 19. Rf3 Rd7 20. Qh6 Rxd1+
21. Bxd1 Qa5 22. Rg3+ Kf7 23. Bh5# 1-0

[Event "ICS rated standard match"]
[Site "204.178.125.65"]
[Date "2000.05.09"]
[Round "?"]
[White "Hossa"]
[Black "NukeChess"]
[Result "1-0"]
[WhiteElo "2321"]
[BlackElo "1962"]
[PlyCount "47"]
[EventDate "2000.??.??"]

1. e4 e5 2. Nf3 Nf6 3. Nxe5 d6 4. Nf3 Nxe4 5. d4 d5 6. Bd3 Nc6 7. O-O Be7 8. c4
Nb4 9. Be2 Be6 10. Nc3 f5 11. a3 Nc6 12. cxd5 Bxd5 13. Nxd5 Qxd5 14. Be3 O-O-O
15. Qc2 h6 16. Bc4 Qd6 17. d5 Ne5 18. Nxe5 Qxe5 19. f4 Qf6 20. Bxa7 g5 21. Rac1
Bd6 22. Bd3 Bxf4 23. Rxf4 gxf4 24. Qxc7# 1-0

[Event "ICS rated blitz match"]
[Site "204.178.125.65"]
[Date "2000.05.09"]
[Round "?"]
[White "sanchess64"]
[Black "Hossa"]
[Result "0-1"]
[WhiteElo "2013"]
[BlackElo "2486"]
[PlyCount "120"]
[EventDate "2000.??.??"]

1. e4 e5 2. Nf3 Nc6 3. d4 exd4 4. Nxd4 Bc5 5. Nxc6 Qf6 6. Qd2 dxc6 7. Nc3 Be6
8. Qf4 Bb4 9. Qxf6 Nxf6 10. Bd2 O-O-O 11. f3 h6 12. O-O-O Rd7 13. a3 Bxc3 14.
Bxc3 Rxd1+ 15. Kxd1 Rd8+ 16. Kc1 Ne8 17. Be2 f6 18. Rd1 Rxd1+ 19. Kxd1 Nd6 20.
b3 c5 21. Kd2 b6 22. Ke3 c4 23. b4 Nb5 24. Bb2 a6 25. f4 Kb7 26. Bf3 c3 27. Bc1
Kb8 28. Kd3 Bd7 29. e5 c5 30. bxc5 bxc5 31. Kc4 Bf5 32. Kxc5 fxe5 33. fxe5 Bxc2
34. Bc6 Na7 35. e6 Nxc6 36. Kxc6 Kc8 37. e7 Ba4+ 38. Kb6 Bb5 39. e8=Q+ Bxe8 40.
Kxa6 c2 41. Ka5 Kd7 42. Kb6 Kd6 43. Bb2 Kd5 44. Ka5 Kc4 45. Bc1 Kb3 46. Kb6 Ka2
47. Kc5 Kb1 48. Bf4 g5 49. Be3 c1=Q+ 50. Bxc1 Kxc1 51. Kd5 Kb2 52. Ke5 Kxa3 53.
Kf6 g4 54. Kg7 h5 55. Kf6 Kb3 56. Kg5 Kc4 57. Kh4 Kd4 58. Kg5 Ke3 59. Kh4 Kf2
60. h3 g3 {sanchess64 resigns} 0-1

[Event "ICS rated blitz match"]
[Site "204.178.125.65"]
[Date "2000.05.09"]
[Round "?"]
[White "Hossa"]
[Black "QueenMaxima"]
[Result "1-0"]
[WhiteElo "2488"]
[BlackElo "2408"]
[PlyCount "59"]
[EventDate "2000.??.??"]

1. e4 e5 2. Nf3 Nc6 3. Nc3 Nf6 4. Nxe5 Nxe5 5. d4 Nc6 6. d5 Ne5 7. f4 Ng6 8. e5
Ng8 9. d6 cxd6 10. exd6 Qh4+ 11. g3 Qf6 12. Nb5 Kd8 13. Be3 Qf5 14. Qd4 f6 15.
Bd3 Qg4 16. O-O Nh4 17. Nc7 Rb8 18. Qxa7 Bxd6 19. Nb5 Bc7 20. Bb6 Nf3+ 21. Rxf3
Qxf3 22. Bxc7+ Ke8 23. Re1+ Kf8 24. Qa3+ d6 25. Bxd6+ Ne7 26. Bxe7+ Ke8 27.
Nc7+ Kf7 28. Qb3+ Qd5 29. Qxd5+ Be6 30. Qxe6# 1-0

[Event "ICS rated blitz match"]
[Site "204.178.125.65"]
[Date "2000.05.09"]
[Round "?"]
[White "Hossa"]
[Black "PostModernist"]
[Result "1/2-1/2"]
[WhiteElo "2500"]
[BlackElo "2662"]
[PlyCount "115"]
[EventDate "2000.??.??"]

1. e4 c6 2. d4 Na6 3. Nf3 d6 4. Nc3 Nc7 5. Bd3 Bg4 6. h3 Bxf3 7. gxf3 e5 8.
dxe5 dxe5 9. Be3 Bb4 10. Qd2 Ne6 11. a3 Qa5 12. O-O-O Bxc3 13. Qxc3 Qxc3 14.
bxc3 Ne7 15. Bc4 b5 16. Bxe6 fxe6 17. Bc5 Ng6 18. Kb2 Rd8 19. c4 Kf7 20. cxb5
cxb5 21. Bxa7 Nh4 22. Bb6 Rxd1 23. Rxd1 Nxf3 24. Rd3 Ng5 25. Rb3 Rb8 26. Rxb5
Nxh3 27. a4 Ng5 28. Kc1 Nxe4 29. Rxe5 Rxb6 30. Rxe4 g5 31. Kd2 h5 32. Re5 Kf6
33. f4 g4 34. Rxh5 Rb4 35. a5 Rxf4 36. Rh8 Ra4 37. Rf8+ Kg7 38. Ra8 g3 39. Ra7+
Kf6 40. Ra8 Kf7 41. Ra7+ Kg8 42. Ke2 Rf4 43. Ra8+ Kf7 44. Ra7+ Kg6 45. Ra8 Rf2+
46. Kd3 Kf7 47. Ra7+ Kf6 48. Ra8 Kg7 49. Ra7+ Kh8 50. Ra8+ Kh7 51. Ra7+ Kh6 52.
Ra8 Rf3+ 53. Ke4 Ra3 54. Rg8 Kh7 55. Rg5 Kh6 56. Rg8 Kh7 57. Rg5 Kh6 58. Rg8
1/2-1/2

[Event "ICS rated blitz match"]
[Site "204.178.125.65"]
[Date "2000.05.09"]
[Round "?"]
[White "PostModernist"]
[Black "Hossa"]
[Result "1-0"]
[WhiteElo "2655"]
[BlackElo "2507"]
[PlyCount "105"]
[EventDate "2000.??.??"]

1. d4 d5 2. Nf3 Nf6 3. e3 e6 4. c3 c5 5. Bd3 Nc6 6. O-O Bd7 7. Nbd2 Bd6 8. dxc5
Bxc5 9. e4 O-O 10. exd5 Nxd5 11. Ne4 Be7 12. c4 Ndb4 13. Bb1 e5 14. a3 Na6 15.
b4 f5 16. b5 fxe4 17. Bxe4 Nab8 18. bxc6 Bxc6 19. Qc2 Bxe4 20. Qxe4 Nc6 21. Bb2
Rf4 22. Qd5+ Rf7 23. Bxe5 Rc8 24. Bb2 Qf8 25. Rad1 Rd8 26. Qe6 Kh8 27. Rxd8
Bxd8 28. Re1 Re7 29. Qg4 Rf7 30. Ng5 Bxg5 31. Qxg5 b6 32. f3 Na5 33. Rd1 Nb7
34. Rd5 Qe8 35. Qg3 Nc5 36. h4 Kg8 37. h5 Nd7 38. Qg4 Qe3+ 39. Kh2 Nf8 40. Rf5
Rc7 41. c5 bxc5 42. Qc4+ Ne6 43. Bc1 Qe1 44. Bd2 Rf7 45. Bxe1 Rxf5 46. Qxe6+
Rf7 47. h6 c4 48. Bc3 gxh6 49. Qc8+ Rf8 50. Qg4+ Kf7 51. Qd7+ Kg6 52. Qg7+ Kf5
53. Qg4# {Hossa checkmated} 1-0

[Event "ICS rated blitz match"]
[Site "204.178.125.65"]
[Date "2000.05.09"]
[Round "?"]
[White "Hossa"]
[Black "PostModernist"]
[Result "0-1"]
[WhiteElo "2497"]
[BlackElo "2665"]
[PlyCount "134"]
[EventDate "2000.??.??"]

1. c4 e5 2. Nc3 Nf6 3. Nf3 Nc6 4. g3 Bb4 5. Bg2 O-O 6. O-O Re8 7. Nd5 a5 8.
Nxf6+ Qxf6 9. d3 d6 10. Bg5 Qg6 11. Be3 Bg4 12. h3 Bd7 13. a3 Bc5 14. Bxc5 dxc5
15. Re1 Rad8 16. Nd2 b6 17. b3 Qh6 18. h4 Bf5 19. Qc2 Nd4 20. Qb2 Qe6 21. e3
Nc6 22. Bd5 Qg6 23. h5 Qh6 24. Nf3 Bd7 25. Bxc6 Bxc6 26. Nxe5 Bb7 27. f4 f6 28.
Ng4 Qxh5 29. Nh2 Rxd3 30. Qf2 Rxb3 31. f5 Qh3 32. Ra2 Rd3 33. a4 Re5 34. Qf4
Rd4 35. e4 Bxe4 36. Qh4 Qxh4 37. gxh4 Rxf5 38. Nf1 Bc6 39. Ne3 Re5 40. h5 Rxh5
41. Rh2 Rxh2 42. Kxh2 Re4 43. Kg3 f5 44. Kf2 f4 45. Nf5 Rxe1 46. Kxe1 Kf7 47.
Kf2 Kf6 48. Nh4 Ke5 49. Ng2 Bxg2 50. Kxg2 g5 51. Kf3 Kf5 52. Kf2 Ke4 53. Ke2
f3+ 54. Kf2 Kf4 55. Kf1 Ke3 56. Ke1 f2+ 57. Kd1 f1=Q+ 58. Kc2 Qxc4+ 59. Kb1 Kd3
60. Kb2 Qb4+ 61. Kc1 Qd2+ 62. Kb1 Qc2+ 63. Ka1 Qc1+ 64. Ka2 g4 65. Kb3 Qb1+ 66.
Ka3 Qa1+ 67. Kb3 c4# {Hossa checkmated} 0-1

[Event "ICS rated blitz match"]
[Site "204.178.125.65"]
[Date "2000.05.09"]
[Round "?"]
[White "QueenMaxima"]
[Black "Hossa"]
[Result "0-1"]
[WhiteElo "2412"]
[BlackElo "2488"]
[PlyCount "100"]
[EventDate "2000.??.??"]

1. e4 e5 2. Nf3 Nc6 3. Bb5 a6 4. Ba4 Nf6 5. O-O Be7 6. Re1 b5 7. Bb3 d6 8. c3
O-O 9. h3 Bb7 10. d4 Re8 11. Nbd2 Bf8 12. a3 h6 13. Bc2 Nb8 14. b3 Nbd7 15. Bb2
Be7 16. c4 exd4 17. Bxd4 Nh5 18. Bc3 Nf4 19. Nd4 Bf6 20. Re3 bxc4 21. Nxc4 Nc5
22. Qe1 a5 23. Rd1 a4 24. b4 Bxd4 25. Bxd4 Nce6 26. Na5 Nxd4 27. Rxd4 Qg5 28.
Rg3 Qe5 29. Bxa4 Qxd4 30. Bxe8 Rxe8 31. Nxb7 Nd5 32. Qc1 Rxe4 33. Qxh6 Re1+ 34.
Kh2 Qa1 35. Rg5 Rh1+ 36. Kg3 Qxa3+ 37. f3 Qc3 38. b5 Qe1+ 39. Kg4 f5+ 40. Rxf5
gxh6 41. Rxd5 Qe6+ 42. Rf5 Rb1 43. b6 Rb5 44. Kg3 Qxf5 45. h4 Rxb6 46. Nxd6
Rxd6 47. f4 Rd3+ 48. Kh2 Qxf4+ 49. g3 Qxg3+ 50. Kh1 Rd1# 0-1

[Event "ICS rated blitz match"]
[Site "204.178.125.65"]
[Date "2000.05.09"]
[Round "?"]
[White "GIRONA"]
[Black "Hossa"]
[Result "1/2-1/2"]
[WhiteElo "2107"]
[BlackElo "2501"]
[PlyCount "196"]
[EventDate "2000.??.??"]

1. e4 e5 2. Nf3 Nc6 3. Bb5 a6 4. Ba4 Nf6 5. O-O Be7 6. Re1 b5 7. Bb3 d6 8. c3
O-O 9. h3 Bb7 10. d4 Re8 11. Nbd2 Bf8 12. Bc2 g6 13. Nf1 exd4 14. cxd4 Nb4 15.
Ng3 Nxc2 16. Qxc2 c5 17. dxc5 Rc8 18. Bg5 Rxc5 19. Qd2 Bg7 20. Rad1 Rc8 21.
Qxd6 Qxd6 22. Rxd6 Nxe4 23. Nxe4 Rxe4 24. Rxe4 Bxe4 25. Rxa6 Bxf3 26. gxf3 Bxb2
27. Rb6 Ra8 28. Bh6 Bg7 29. Be3 h6 30. Rxb5 Rxa2 31. Rb8+ Kh7 32. Rb7 f6 33.
Bd4 Ra6 34. Bc5 Ra8 35. Be7 Kg8 36. Kg2 Re8 37. f4 f5 38. Bc5 Rd8 39. Rb6 Rc8
40. Be3 Kh7 41. Rb7 Rd8 42. Bc1 Kh8 43. Rb6 Rd1 44. Be3 Kh7 45. Rb7 Rd3 46. Bc5
Rd8 47. Be7 Rg8 48. h4 Kh8 49. Rb6 Re8 50. Bc5 Rc8 51. Be3 Kh7 52. Rb7 Rc4 53.
Kf3 Rc3 54. Kg2 Rd3 55. Bc1 Kg8 56. Rb8+ Bf8 57. Be3 Rd5 58. Rb7 Rd8 59. Bc1
Bg7 60. Rb6 Rd1 61. Be3 Kh7 62. Rb7 Rd5 63. Bc1 Kg8 64. Rb8+ Kf7 65. Rb7+ Kf8
66. Ba3+ Kg8 67. Rb8+ Kf7 68. Rb7+ Kg8 69. Rb8+ Kh7 70. Rb7 Rd8 71. Be7 Rg8 72.
Bf6 Kh8 73. Be7 Re8 74. Bc5 Rd8 75. Be7 Rd4 76. Kf3 Rd3+ 77. Kg2 Rd2 78. Rb8+
Kh7 79. Rb7 Kg8 80. Rb8+ Kf7 81. Rb7 Re2 82. Bb4+ Kg8 83. Rb8+ Kh7 84. Rb7 Re8
85. Bc3 Rg8 86. Be5 h5 87. Kf3 Kh8 88. Ke3 Kh7 89. Rc7 Kh8 90. Kd4 Kh7 91. Kc5
Kh6 92. Rxg7 Rxg7 93. Bxg7+ Kxg7 94. Kd6 Kf6 95. Kd7 Kf7 96. Kd6 Kf6 97. Kd7
Kf7 98. Kd6 Kf6 1/2-1/2

[Event "ICS Rated standard match"]
[Site "204.178.125.65"]
[Date "2000.05.09"]
[Round "?"]
[White "Yongky"]
[Black "Hossa"]
[Result "0-1"]
[WhiteElo "2160"]
[BlackElo "2325"]
[PlyCount "42"]
[EventDate "2000.??.??"]

1. e4 e5 2. Nf3 Nc6 3. d4 exd4 4. c3 dxc3 5. Bc4 cxb2 6. Bxb2 d6 7. Qb3 Qd7 8.
Qc2 Nf6 9. Ng5 Qg4 10. Nxf7 Qxg2 11. Rf1 Rg8 12. Nd2 d5 13. exd5 Nb4 14. Qb3 b5
15. Bxb5+ Kxf7 16. d6+ Nfd5 17. a3 c6 18. Bc4 Bxd6 19. axb4 Re8+ 20. Kd1 Bg4+
21. f3 Be6 {Yongky resigns} 0-1

[Event "ICS rated blitz match"]
[Site "204.178.125.65"]
[Date "2000.05.09"]
[Round "?"]
[White "Hossa"]
[Black "cfd"]
[Result "1/2-1/2"]
[WhiteElo "2488"]
[BlackElo "2248"]
[PlyCount "139"]
[EventDate "2000.??.??"]

1. e4 d6 2. d4 e5 3. Nf3 Nd7 4. Nc3 Be7 5. Bb5 c6 6. Be2 Ngf6 7. O-O O-O 8.
dxe5 dxe5 9. a3 Qc7 10. Bd2 Nc5 11. Ng5 h6 12. b4 hxg5 13. bxc5 Nd7 14. Qc1 g4
15. Bxg4 Nxc5 16. Bxc8 Raxc8 17. Be3 Rfd8 18. Rd1 b6 19. Bxc5 Bxc5 20. Qg5 f6
21. Qf5 Bd4 22. Qf3 Rd7 23. Qg4 Rcd8 24. Rd3 Bxc3 25. Rxc3 c5 26. Qe6+ Rf7 27.
Rd3 Rxd3 28. cxd3 Qd7 29. Qb3 Kf8 30. Rc1 Re7 31. a4 Qe6 32. Rc4 Rd7 33. Kh1
Qd6 34. Rc3 Qd4 35. Kg1 Qb4 36. Kf1 Qxb3 37. Rxb3 Rd4 38. Ra3 Ke7 39. h3 Kd6
40. Ke2 Kc6 41. h4 c4 42. Ke3 cxd3 43. Rc3+ Kd6 44. Rxd3 Rxd3+ 45. Kxd3 Ke6 46.
Kc4 a6 47. h5 f5 48. exf5+ Kxf5 49. Kd5 b5 50. a5 e4 51. g3 Kg4 52. Kxe4 Kxh5
53. f3 Kg5 54. Kd5 Kf5 55. Kd4 Ke6 56. Ke4 Kf6 57. Kd5 Kf5 58. Kd4 Kf6 59. Kd5
Kf5 60. Kd4 Kf6 61. Kd5 Ke7 62. f4 Kf7 63. g4 Kf6 64. Kd4 Ke6 65. Kc5 Kf6 66.
Kd4 Ke6 67. Kc5 Kf6 68. Kd4 Ke6 69. Kc5 Kf6 70. Kd4 1/2-1/2

[Event "ICS rated blitz match"]
[Site "204.178.125.65"]
[Date "2000.05.09"]
[Round "?"]
[White "Hossa"]
[Black "QueenMaxima"]
[Result "1-0"]
[WhiteElo "2478"]
[BlackElo "2378"]
[PlyCount "67"]
[EventDate "2000.??.??"]

1. e4 e5 2. Nf3 Nc6 3. Nc3 Nf6 4. Nxe5 Nxe5 5. d4 Nc6 6. d5 Ne5 7. f4 Ng6 8. e5
Ng8 9. d6 cxd6 10. exd6 Qh4+ 11. g3 Qf6 12. Nb5 Kd8 13. Be3 Qf5 14. Qd4 f6 15.
Bd3 Qh5 16. Qa4 Qf3 17. Qa5+ b6 18. Bxb6+ Ke8 19. Nc7+ Kd8 20. Nxa8+ Ke8 21.
Nc7+ Kd8 22. Nd5+ Ke8 23. Rf1 axb6 24. Qa8 Qg4 25. Qxc8+ Kf7 26. Nc7 Qe6+ 27.
Nxe6 Bxd6 28. Qxd7+ N6e7 29. Ng5+ fxg5 30. fxg5+ Bf4 31. Rxf4+ Nf6 32. g6+ hxg6
33. Bc4+ Kf8 34. Qd8# 1-0

[Event "ICS rated standard match"]
[Site "204.178.125.65"]
[Date "2000.05.09"]
[Round "?"]
[White "janh"]
[Black "Hossa"]
[Result "1-0"]
[WhiteElo "2294"]
[BlackElo "2349"]
[PlyCount "93"]
[EventDate "2000.??.??"]

1. d4 Nf6 2. c4 e6 3. Nc3 Bb4 4. a3 Bxc3+ 5. bxc3 c5 6. e3 Nc6 7. Bd3 e5 8. Ne2
e4 9. Bb1 b6 10. Ng3 Ba6 11. Qa4 Na5 12. dxc5 bxc5 13. Nxe4 Nxe4 14. Bxe4 Rb8
15. Bd5 O-O 16. O-O Qc7 17. Rd1 Kh8 18. Bd2 Rb2 19. Rab1 Rxb1 20. Rxb1 Kg8 21.
Bc1 Re8 22. Rb2 Kf8 23. f3 Kg8 24. e4 Rc8 25. Be3 Rf8 26. Bf2 Rc8 27. Bg3 Qd8
28. Rd2 Kf8 29. e5 Rb8 30. Bxf7 Rb1+ 31. Kf2 Qc8 32. Qxa5 Kxf7 33. Qa4 Kg8 34.
e6 dxe6 35. Bh4 Bb5 36. cxb5 g5 37. Bxg5 Qb7 38. Qg4 Rb2 39. Rxb2 Qf7 40. Bh6+
Qg6 41. Qf4 Qxh6 42. Qxh6 c4 43. Qxe6+ Kf8 44. Rd2 h5 45. Rd8+ Kg7 46. Rd7+ Kf8
47. Qf7# {Hossa checkmated} 1-0

[Event "ICS rated blitz match"]
[Site "204.178.125.65"]
[Date "2000.05.09"]
[Round "?"]
[White "flytox"]
[Black "Hossa"]
[Result "0-1"]
[WhiteElo "2068"]
[BlackElo "2490"]
[PlyCount "134"]
[EventDate "2000.??.??"]

1. e4 e5 2. Nf3 Nc6 3. Bb5 a6 4. Ba4 Nf6 5. O-O Be7 6. Re1 b5 7. Bb3 d6 8. c3
O-O 9. h3 Bb7 10. d3 a5 11. Nbd2 a4 12. Bc2 Re8 13. Nf1 d5 14. Ng3 dxe4 15.
dxe4 a3 16. b4 Qxd1 17. Rxd1 Red8 18. Be3 Rxd1+ 19. Rxd1 Bd6 20. Nf5 Ne7 21.
Nxd6 cxd6 22. Rxd6 Bxe4 23. Bb3 Bxf3 24. gxf3 Rb8 25. Bc1 Ng6 26. Bxa3 Nf4 27.
Kh2 Ra8 28. Bc1 Ne2 29. Bd2 Rb8 30. Kg2 Kf8 31. Kf1 Nf4 32. Bxf4 exf4 33. h4
Ke7 34. Rd4 Ne8 35. Rxf4 Nd6 36. a4 bxa4 37. Bxa4 Rc8 38. b5 Rxc3 39. b6 Rc1+
40. Kg2 Rb1 41. Bc6 Rxb6 42. Be4 h6 43. Bd5 Rb5 44. Bc4 Rb4 45. Rg4 Rxc4 46.
Rxg7 Rxh4 47. Rg8 Nf5 48. Ra8 Kf6 49. Ra6+ Kg7 50. Rb6 Ra4 51. Rc6 Nh4+ 52. Kg3
Ng6 53. Rb6 h5 54. Rc6 h4+ 55. Kg2 Nf4+ 56. Kh2 Ra2 57. Kg1 Ra1+ 58. Kh2 Rf1
59. Rc4 Rxf2+ 60. Kh1 Rxf3 61. Kh2 Kh6 62. Ra4 f5 63. Rb4 Kh5 64. Rb8 Rf2+ 65.
Kh1 Kg4 66. Rg8+ Kh3 67. Rg1 Rh2# {flytox checkmated} 0-1

[Event "ICS rated blitz match"]
[Site "204.178.125.65"]
[Date "2000.05.09"]
[Round "?"]
[White "Hossa"]
[Black "flytox"]
[Result "1/2-1/2"]
[WhiteElo "2493"]
[BlackElo "2065"]
[PlyCount "215"]
[EventDate "2000.??.??"]

1. e4 e6 2. d4 d5 3. Nc3 Nf6 4. Bg5 dxe4 5. Nxe4 Be7 6. Bxf6 gxf6 7. Nf3 f5 8.
Nc3 Bf6 9. Qd2 c5 10. d5 O-O 11. O-O-O e5 12. h4 Nd7 13. Bb5 a6 14. Bxd7 Bxd7
15. Ng5 b5 16. Kb1 b4 17. Ne2 Qb6 18. Ng3 Qd6 19. Nh5 Bh8 20. Rhe1 Rfe8 21. Ng3
c4 22. Nf3 a5 23. Qg5+ Qg6 24. Qc1 a4 25. h5 Qg7 26. h6 Qg6 27. Ne2 Rab8 28. d6
b3 29. cxb3 cxb3 30. Qg5 bxa2+ 31. Kxa2 Qxg5 32. Nxg5 e4 33. Rd2 Bf6 34. f4
exf3 35. Nxf3 Be6+ 36. Kb1 a3 37. Ned4 axb2 38. Rxb2 Rxb2+ 39. Kxb2 Rd8 40. Kc1
Rxd6 41. Nxf5 Rc6+ 42. Kd1 Bb3+ 43. Ke2 Re6+ 44. Kf2 Rxe1 45. Kxe1 Bc3+ 46. Kf2
Bc2 47. Ne7+ Kf8 48. Nd5 Bb2 49. Ne3 Bg6 50. g4 Bc1 51. Nd4 Bb2 52. Ndf5 Ba3
53. Ke2 Bc5 54. Nd5 Ba3 55. Kd2 Bc5 56. Kd3 Ba3 57. Nde3 Bc1 58. Kc4 Bd2 59.
Kd4 Bc1 60. Ke5 Bb2+ 61. Kf4 Bc1 62. Nd4 Ke7 63. Nb3 Ba3 64. Nf5+ Kf8 65. Nbd4
Bb2 66. Kf3 Bc1 67. Kg3 Bb2 68. Kg2 Bc1 69. Kf3 Bb2 70. Kg3 Bc1 71. Kf2 Bb2 72.
Ke2 Ba3 73. Kd1 Bb2 74. Nf3 Ba3 75. N3h4 Bb4 76. Kc2 Ba3 77. Kb3 Bc1 78. Kc4
Kg8 79. Kd5 Kf8 80. Kc6 Bb2 81. Nd6 Bc3 82. Nhf5 Bd2 83. Kd7 Bxf5+ 84. Nxf5 Bf4
85. Kc6 Kg8 86. Kd5 Bc1 87. Ke4 Bd2 88. Kd3 Bc1 89. Ke2 Bb2 90. Kf1 Bc1 91. Kg2
Bg5 92. Kh2 Bc1 93. Kh3 Bg5 94. Kg2 Bd2 95. Kf2 Bg5 96. Kf3 Bc1 97. Kg3 Bg5 98.
Kf2 Bd2 99. Ke2 Bg5 100. Kd1 Bf4 101. Kc2 Bg5 102. Kc3 Bf4 103. Kb4 f6 104. Kc4
Kf7 105. Kd5 Kg6 106. Ke6 Bxh6 107. Nxh6 Kxh6 108. Kxf6 {flytox stalemated}
1/2-1/2